WW1 Facts - Statistics

General Stats
  • This quiz has been taken 183 times
  • The average score is 7 of 11
Answer Stats
Question Answer % Correct
Who was the emperor of Russia during WW1 Nicholas 2
92%
What was the agreement had by the allies to punish Germany in 1919 Treaty of Versailles
92%
Who assassinated Franz Ferdinand in 1914 Gavrillo Princip
85%
What was the name of the most successful Russian offensive during the war Brusilov Offensive
77%
What was Germany's original plan to defeat both France and Russia so the war could end very early. Schiefflen Plan
77%
Who became leader of Russia on October 1917 Vladimir Lenin
77%
What was the agreement which was signed in secret between Britain and France to carve up the middle east after the Ottoman Empire had been defeated Sykes-Picot Agreement
46%
Which of the big four in the Treaty heavily believed in crippling Germany Georges Clemenceau
38%
What was the peace treaty that was dictated to Hungary by the allies Treaty of Trianon
38%
Which country signed and armistice with Germany in 1917 (Excluding Russia) Romania
31%
In the February Revolution in 1917 what type of government came into power Democracy
23%
No matching quizzes found
Score Distribution
Percent of People with Each Score
Percentile by Number Answered
Your Score History
You have not taken this quiz